000 00843nam a2200229 a 4500
005 20220805095144.0
008 080129s2005 mx r 000 0 spa d
020 _a9706841245
035 _aUPN01000153938
049 _aCG
050 4 _aHC132.5 B3.77
_bL3.3
100 1 _aLau Jaiven, Ana
245 1 4 _aLas contratas en la Ciudad de México :
_bredes sociales y negocios : el caso de Manuel Barrera : 1800 - 1845 /
_cAna Lau Jaiven.
260 _aMéxico :
_bInstituto Mora,
_c2005.
300 _a285 p. :
_bil.
440 0 _aHistoria política
600 1 4 _aBARRERA DUEÑAS, MANUEL,
_d1780-1845
_912866
650 2 _aEmpresarios
_zMéxico
_vBiografía
_912849
650 4 _aREDES SOCIALES -
_zMEXICO (D.F.) -
_xHISTORIA -
_ySIGLO XIX
_912848
650 4 _aREDES DE NEGOCIOS -
_zMEXICO (D.F.) -
_xHISTORIA -
_ySIGLO XIX
_912847
905 _aLibro
999 _c126059
_d126059